000 00215 a2200097 4500
001 47849
100 _aBulloch J
245 _aThe Making of a War
260 _aLondon
_bLongman Group Ltd
_c
090 _c30846
_d30846
942 _aNUST-CAE
_cM
_c23165
999 _c282922
_d282922